[Event "Tourn. n8775"]
[Site "www.chess-mail.com"]
[Date "2016.09.06"]
[Round "1"]
[White "Passaroa25"]
[Black "Azulmarino"]
[WhiteElo "1560"]
[BlackElo "1460"]
[Result "1-0"]
[Round "1"]
1.e4 e5
2.Ng1e2 d5
3.Ne2g3 Ng8f6
4.f3 Nb8c6
5.c3 Bf8c5
6.d3 O-O
7.Qd1e2 Rf8e8
8.Bc1e3 Bc5d6
9.Be3f2 Bc8e6
10.Nb1d2 d4
11.Nd2b3 Qd8d7
12.Qe2c2 a6
13.Bf1e2 b6
14.O-O Be6h3
15.gxh3 Qd7xh3
16.Ng3f5 Nc6e7
17.Bf2g3 Ne7g6
18.Rf1f2 Nf6h5
19.Rf2g2 Nh5xg3
20.hxg3 Re8e6
21.Be2f1 Ng6f4
22.gxf4 exf4
23.Rg2h2 Re6g6
24.Bf1g2 Rg6xg2
25.Qc2xg2 Qh3xg2
26.Rh2xg2 g6
27.Nf5xd4 Bd6e5
28.Nd4c6 g5
29.Rg2xg5 Be5g7
30.Nc6e5 Ra8e8
31.d4 h6
32.Rg5f5 Re8e6
33.Ra1f1 Re6g6
34.Ne5xg6 fxg6
35.Rf5xf4 c6
36.e5 g5
37.Rf4f5 Bg7f8
38.Rf5f6 Kg7
39.Rf6xc6 h5
40.Rc6xb6 h4
41.Rb6xa6 h3
42.Kh2 Kg8
43.Kxh3 Bf8h6
44.Ra6xh6 Kg7
45.Rh6h5 Kg6
46.Kg4 Kf7
47.Rh5xg5 { resign }
1-0

[Event "Tourn. n8947"]
[Site "www.chess-mail.com"]
[Date "2016.09.06"]
[Round "1"]
[White "Umutkrc"]
[Black "Ison"]
[WhiteElo "1870"]
[BlackElo "2000"]
[Result "0-1"]
[Round "1"]
1.d3 e5
2.c4 Ng8f6
3.a3 d5
4.cxd5 Nf6xd5
5.e4 Nd5f6
6.Bf1e2 Nb8c6
7.Ng1f3 Bf8c5
8.O-O O-O
9.b4 Bc5d4
10.Nf3xd4 Nc6xd4
11.h3 Bc8e6
12.Nb1d2 Nd4xe2
13.Qd1xe2 Qd8d4
14.Ra1b1 Rf8d8
15.Bc1b2 Qd4xd3
16.Qe2xd3 Rd8xd3
17.Rf1d1 Ra8d8
18.Bb2c1 Nf6xe4
19.Rb1b2 Ne4xd2
20.Rd1xd2 f6
21.Rd2xd3 Rd8xd3
22.Rb2d2 e4
23.a4 Be6b3
24.a5 Kf7
25.f3 f5
26.Kf2 e3
27.Ke2 exd2
{ resign }
0-1

[Event "Tourn. n8887"]
[Site "www.chess-mail.com"]
[Date "2016.09.06"]
[Round "1"]
[White "Madz123456"]
[Black "Ejner"]
[WhiteElo "2280"]
[BlackElo "2440"]
[Result "0-1"]
[Round "1"]
1.d4 Ng8f6
2.Ng1f3 e6
3.c4 c5
4.d5 exd5
5.cxd5 d6
6.Nb1c3 g6
7.e4 Bf8g7
8.h3 O-O
9.Bf1d3 Nb8d7
10.O-O Nf6h5
11.Bc1g5 Bg7f6
12.Bg5h6 Rf8e8
13.g4 Nh5g7
 { time }
0-1

[Event "Tourn. n8916"]
[Site "www.chess-mail.com"]
[Date "2016.09.06"]
[Round "1"]
[White "Bojan"]
[Black "Madz123456"]
[WhiteElo "1910"]
[BlackElo "1940"]
[Result "1-0"]
[Round "1"]
1.b4 d5
2.Bc1b2 Ng8f6
3.e3 e5
4.a3 Bf8d6
5.d4 exd4
6.Bb2xd4 O-O
7.c4 Nb8c6
8.Bd4c3 Bc8g4
9.f3 Nf6e4
10.Bc3xg7 Qd8h4
11.Ke2 Qh4f2
12.Kd3 dxc4
13.Kxc4 Qf2xe3
14.fxg4 b5
15.Kxb5  { time }
1-0

[Event "Tourn. n8906"]
[Site "www.chess-mail.com"]
[Date "2016.09.06"]
[Round "1"]
[White "Vasylpuzanov"]
[Black "Bichoraro92"]
[WhiteElo "2080"]
[BlackElo "2050"]
[Result "1-0"]
[Round "1"]
1.d4 d5
2.c4 e6
3.Nb1c3 f5
4.Ng1f3 Ng8f6
5.Bc1g5 c6
6.cxd5 exd5
7.e3 Bf8b4
8.Bf1d3 O-O
9.O-O  { time }
1-0

[Event "Tourn. n8925"]
[Site "www.chess-mail.com"]
[Date "2016.09.06"]
[Round "1"]
[White "Gilliere"]
[Black "Libiesse"]
[WhiteElo "2050"]
[BlackElo "1980"]
[Result "1/2-1/2"]
[Round "1"]
1.e4 c5
2.Ng1f3 e6
3.d4 cxd4
4.Nf3xd4 Ng8f6
5.Nb1c3 d6
6.Bf1b5 Bc8d7
7.Bb5xd7 Qd8xd7
8.O-O d5
9.e5 Nf6g8
10.a3 Nb8c6
11.Nd4xc6 bxc6
12.Bc1f4 Ra8b8
13.b4 Ng8e7
14.Qd1f3 Ne7g6
15.Bf4g3 c5
16.bxc5 Bf8xc5
17.a4 Bc5d4
18.Ra1a2 Ng6xe5
19.Bg3xe5 Bd4xe5
20.Rf1b1 O-O
21.Rb1xb8 Rf8xb8
22.g3 Be5xc3
23.Qf3xc3 Rb8c8
24.Qc3d2 Rc8c4
25.Ra2b2 f6
26.a5 Qd7c6
{ draw }
1/2-1/2

[Event "Tourn. n8954"]
[Site "www.chess-mail.com"]
[Date "2016.09.06"]
[Round "1"]
[White "Bojan"]
[Black "Libiesse"]
[WhiteElo "1950"]
[BlackElo "1930"]
[Result "0-1"]
[Round "1"]
1.e4 c5
2.Bf1c4 e6
3.e5 a6
4.d4 b5
5.Bc4e2 Bc8b7
6.Be2f3 Qd8c7
7.Bc1f4 cxd4
8.Bf3xb7 Qc7xb7
9.Ng1f3 Qb7e4
10.Qd1e2 Qe4xf4
11.Nf3xd4 Qf4xd4
12.c3 Qd4c5
13.Nb1d2 Nb8c6
14.f4 Ng8h6
15.Nd2e4 Qc5b6
16.g4 Ra8d8
17.Ra1d1 b4
18.Rd1d3 bxc3
19.Rd3xc3 Bf8b4
20.Ne4d6 Ke7
21.Kd2 Bb4xc3
22.Kxc3 Qb6d4
{ resign }
0-1

[Event "Tourn. n8913"]
[Site "www.chess-mail.com"]
[Date "2016.09.06"]
[Round "1"]
[White "Nulladies"]
[Black "Caspito"]
[WhiteElo "1750"]
[BlackElo "1850"]
[Result "0-1"]
[Round "1"]
1.d4 Ng8f6
2.Bc1f4 g6
3.Ng1f3 d6
4.e3 Bf8g7
5.Bf1e2 Bc8g4
6.h3 Bg4xf3
7.Be2xf3 c6
8.Nb1d2 O-O
9.c3 Nb8d7
10.O-O d5
11.e4 dxe4
12.Nd2xe4 Nf6d5
13.Bf4g3 Nd7f6
14.Rf1e1 b6
15.a4 a5
16.Qd1b3 Ra8a7
17.Ne4xf6 Nd5xf6
18.Bf3xc6 e6
19.Ra1d1 Nf6h5
20.Bg3h2 Nh5f6
21.Rd1d2 Ra7a6
22.Qb3b5 Ra6a7
23.Re1d1 Nf6d7
24.d5 e5
25.f4 e4
26.f5 gxf5
27.Bh2f4 Ra7c7
28.Bf4xc7 Qd8xc7
29.d6 Qc7b8
30.Bc6xd7 Bg7h6
31.Rd2d5 Kh8
32.Bd7xf5 Rf8g8
33.d7 Qb8g3
34.Bf5g4 Bh6e3
{ resign }
0-1

[Event "Tourn. n8872"]
[Site "www.chess-mail.com"]
[Date "2016.09.06"]
[Round "1"]
[White "Pwain"]
[Black "Kampungboy"]
[WhiteElo "2290"]
[BlackElo "2240"]
[Result "0-1"]
[Round "1"]
1.e4 c5
2.Ng1f3 e6
3.Nb1c3 a6
4.Bf1e2 Nb8c6
5.d4 b5
6.d5 Nc6a5
7.O-O Bc8b7
8.Bc1g5 Bf8e7
9.Qd1d2 Be7xg5
10.Nf3xg5 Ng8f6
11.dxe6 dxe6
12.Qd2f4 h6
13.Ng5xf7 Kxf7
14.e5 Qd8d4
15.Qf4g3 Nf6e4
16.Be2h5 Kg8
17.Qg3g6 Ne4g5
18.Ra1d1 Qd4f4
19.Rd1d7 Rh8h7
20.Rf1d1 Ra8f8
21.f3 Na5c6
{ resign }
0-1

[Event "Tourn. n8941"]
[Site "www.chess-mail.com"]
[Date "2016.09.06"]
[Round "1"]
[White "Libiesse"]
[Black "4m6az"]
[WhiteElo "1970"]
[BlackElo "1809"]
[Result "1-0"]
[Round "1"]
1.d4 Ng8f6
2.c4 d6
3.Nb1c3 h6
4.Ng1f3 Bc8f5
5.Qd1b3 b6
6.g3 e6
7.Bf1g2 d5
8.Nf3h4 Bf5h7
9.cxd5 exd5
10.Nc3xd5 c6
11.Nd5xf6 gxf6
12.Qb3c3 Qd8d6
13.O-O Bf8e7
14.Bc1xh6 Kd7
15.Bh6f4 Qd6e6
16.Bf4xb8 Ra8xb8
17.e3 Rb8c8
18.Rf1c1 f5
19.Nh4f3 Qe6h6
20.Nf3e5 Ke8
21.Qc3c4 c5
22.Qc4xf7 Kd8
23.Qf7d5 Kc7
24.Qd5b7 Kd8
25.Qb7d7 
1-0

[Event "Tourn. n8910"]
[Site "www.chess-mail.com"]
[Date "2016.09.06"]
[Round "1"]
[White "Fabos12"]
[Black "Bojan"]
[WhiteElo "1950"]
[BlackElo "1940"]
[Result "1-0"]
[Round "1"]
1.Ng1f3 Nb8c6
2.d4 d5
3.Bc1f4 h6
4.e3 Ng8f6
5.Bf1b5 Bc8d7
6.Nb1d2 a6
7.Bb5a4 b5
8.Ba4b3 Nc6a5
9.h3 Na5xb3
10.Nd2xb3 Nf6h5
11.Bf4h2 e6
12.Nf3e5 Nh5f6
13.Nb3a5 c5
14.Na5b7 Qd8c7
15.Nb7xc5 Bf8xc5
16.Ne5g6 Qc7a5
17.c3 fxg6
18.dxc5 Ra8c8
19.b4 Qa5a3
20.Qd1c2 Nf6e4
21.Ra1c1 Kf7
22.f3 Ne4f6
23.O-O a5
24.e4 d4
25.cxd4 Qa3xb4
26.Bh2e5 a4
27.Rf1d1 Bd7c6
28.Be5xf6 gxf6
29.d5 exd5
30.exd5 Bc6d7
31.c6 Rh8d8
32.Qc2e2 Bd7f5
33.g4 Rd8d6
34.gxf5 gxf5
35.Qe2e3 Qb4h4
36.f4 Rc8e8
37.Qe3a3 Qh4xf4
38.Qa3d3 Re8e3
39.Qd3f1 Re3g3
40.Kh1 Rg3xh3
41.Qf1xh3 Qf4e4
42.Qh3g2 Qe4h4
43.Kg1 { resign }
1-0

[Event "Match"]
[Site "www.echecsemail.com"]
[Date "2016.09.06"]
[Round "1"]
[White "Cal"]
[Black "Orae"]
[WhiteElo "1700"]
[BlackElo "1810"]
[Result "0-1"]
[Round "1"]
1.c4 Ng8f6
2.Nb1c3 d5
3.cxd5 Nf6xd5
4.e4 Nd5xc3
5.bxc3 e5
6.d3 Bf8c5
7.Bc1b2 Qd8f6
8.h3 Qf6xf2
{ resign }
0-1

[Event "Match"]
[Site "www.echecsemail.com"]
[Date "2016.09.06"]
[Round "1"]
[White "Pariolinius"]
[Black "Ketchuplover"]
[WhiteElo "1800"]
[BlackElo "1750"]
[Result "1-0"]
[Round "1"]
1.e4 c6
2.Nb1c3 d5
3.exd5 cxd5
4.Bf1b5 Bc8d7
5.d4 Bd7xb5
6.Nc3xb5 a6
7.Nb5c3 Ng8f6
8.Ng1f3 g6
9.O-O Bf8g7
10.Bc1f4 Nb8c6
11.a3 O-O
12.Rf1e1 Nf6e4
13.Nc3xe4 dxe4
14.Nf3e5 f5
15.c3 Ra8c8
16.Qd1b3 { resign }
1-0

[Event "Match"]
[Site "www.echecsemail.com"]
[Date "2016.09.06"]
[Round "1"]
[White "Mitja"]
[Black "Bojan"]
[WhiteElo "1910"]
[BlackElo "1890"]
[Result "1-0"]
[Round "1"]
1.d4 d5
2.e3 Bc8d7
3.h3 a6
4.Ng1f3 e6
5.c3 c5
6.dxc5 Bf8xc5
7.Nb1d2 h6
8.Nd2b3 Bc5d6
9.Bf1e2 Ng8f6
10.Nb3d4 Nb8c6
11.Nd4xc6 Bd7xc6
12.Nf3d4 Bc6d7
13.b3 e5
14.Nd4f3 Nf6e4
15.Bc1b2 Ra8c8
16.Ra1c1 b5
17.Qd1xd5 Bd7c6
18.Qd5d3 Rc8c7
19.O-O Rc7d7
20.Qd3c2 Ne4g5
21.Rf1d1 Bc6e4
22.Qc2d2 Ng5xf3
23.Be2xf3 Be4xf3
24.gxf3 g5
25.Qd2d5 f5
26.Qd5c6 Bd6f8
27.Qc6e6 Bf8e7
28.Rd1xd7 Qd8xd7
29.Qe6xe5 Rh8f8
30.Qe5d4 Qd7c8
31.Rc1d1 Be7f6
32.Qd4b6 Kf7
33.Bb2a3 Rf8e8
34.Rd1d6 Qc8xc3
35.Qb6b7 Re8e7
36.Qb7xa6 f4
37.Rd6c6 Qc3e5
38.Ba3xe7 Qe5xe7
39.e4 b4
40.Qa6b6 Kg6
41.Rc6e6 Qe7f7
42.e5 Kh5
43.Re6xf6 Qf7h7
44.Qb6d6 Qh7g7
45.Qd6f8 Qg7h7
46.e6 { resign }
1-0

[Event "Match"]
[Site "www.echecsemail.com"]
[Date "2016.09.06"]
[Round "1"]
[White "Coraza"]
[Black "Paco"]
[WhiteElo "1790"]
[BlackElo "1920"]
[Result "1-0"]
[Round "1"]
1.Ng1f3 d5
2.d4 Nb8c6
3.Nb1c3 Bc8f5
4.a3 e6
5.Bc1f4 Bf8d6
6.Bf4g5 f6
7.Bg5h4 g5
8.Bh4g3 h5
{ time. }
1-0

[Event "Match"]
[Site "www.echecsemail.com"]
[Date "2016.09.06"]
[Round "1"]
[White "Llord"]
[Black "Ditto"]
[WhiteElo "1900"]
[BlackElo "1860"]
[Result "1-0"]
[Round "1"]
1.e4 e5
2.Ng1f3 Nb8c6
3.Bf1c4 Ng8f6
4.Nb1c3 Bf8c5
5.O-O d6
6.Nc3d5 Bc8g4
7.h3 Bg4e6
8.Nd5xf6 Qd8xf6
9.d3 Qf6g6
10.Nf3h4 Qg6f6
11.Bc4xe6 Qf6xh4
12.Be6g4 O-O
13.Bc1e3 Nc6e7
14.Qd1d2 Bc5xe3
15.Qd2xe3 Ne7g6
16.g3 Qh4f6
17.Bg4f5 Ng6e7
18.Qe3f3 Ne7c6
19.h4 Nc6d4
20.Qf3d1 b5
21.c3 Nd4c6
22.Qd1g4 Nc6e7
23.a4 bxa4
24.Ra1xa4 Rf8b8
25.b4 Kh8
26.f4 Rb8g8
27.fxe5 Qf6xe5
28.c4 Qe5d4
29.Kg2 Qd4xd3
30.e5 dxe5
31.Bf5xd3 Rg8d8
32.Qg4e4 f5
33.Qe4xe5 Ne7g6
34.Qe5xf5 c6
35.b5 cxb5
36.cxb5 Ra8c8
37.Ra4xa7 Rc8b8
38.Qf5f7 Rd8g8
39.Bd3xg6 hxg6
40.Qf7xg6 Rb8xb5
41.Rf1f5 Rb5b2
42.Kh3 Rb2b4
43.Rf5h5 
1-0

[Event "Match"]
[Site "www.echecsemail.com"]
[Date "2016.09.06"]
[Round "1"]
[White "Ditto"]
[Black "Whitekknight"]
[WhiteElo "1840"]
[BlackElo "1910"]
[Result "0-1"]
[Round "1"]
1.e4 e5
2.Ng1f3 d6
3.Bf1c4 h6
4.d3 Ng8f6
5.Bc1e3 c5
6.O-O Bc8d7
7.Nb1c3 Nb8c6
8.Nc3e2 Bf8e7
9.c3 Nc6a5
10.Bc4b3 Na5xb3
11.Qd1xb3 b6
12.Nf3d2 O-O
13.d4 exd4
14.cxd4 cxd4
15.Be3xd4 Bd7e6
16.Qb3c2 Ra8c8
17.Qc2d3 Qd8d7
18.Ne2f4 Rf8d8
19.Qd3g3 Nf6e8
20.Nf4h5 Be7f8
21.Bd4e3 Kh7
22.Be3d4 f6
23.Qg3d3 Kh8
24.f4 Bf8e7
25.f5 Be6f7
26.Nh5f4 Kh7
27.Qd3g3 Be7f8
28.Nd2f3 Qd7e7
29.b3 Qe7xe4
30.Ra1e1 Qe4xf5
31.Bd4b2 d5
32.Nf3d4 Bf8c5
33.Kh1 Qf5g5
34.Qg3d3 Kg8
35.Nd4e2 Bc5d6
36.Bb2c1 Qg5g4
37.Rf1f3 Qg4d7
38.Nf4xd5 Rc8c5
39.Rf3g3 Bd6xg3
40.Qd3xg3 Qd7xd5
41.Bc1xh6 Qd5h5
42.Bh6f4 Rc5c2
43.Qg3e3 Rd8d2
44.Ne2g3 Qh5d5
45.Re1g1 Rd2xg2
46.Ng3e4 Rg2xg1
{ resign }
0-1

[Event "1/128 Finale"]
[Site "www.chess-mail.com"]
[Date "2016.09.06"]
[Round "1"]
[White "Dadio1976"]
[Black "Fabos12"]
[WhiteElo "1499"]
[BlackElo "1940"]
[Result "0-1"]
[Round "1"]
1.e4 c5
2.Bf1c4 Nb8c6
3.Ng1f3 e5
4.c3 d6
5.d4 cxd4
6.cxd4 exd4
7.Nf3xd4 Ng8f6
8.Bc1g5 Nc6e5
9.Bg5xf6 gxf6
10.Qd1h5 Qd8a5
11.Nb1d2 Ne5xc4
12.Qh5b5 Qa5xb5
13.Nd4xb5 Nc4xd2
14.Nb5c7 Kd8
15.Nc7xa8 Nd2xe4
16.Ra1c1 Ne4c5
17.Kd2 Bf8h6
18.Kc2 Bc8f5
19.Kc3 Bh6xc1
20.Rh1xc1 Kd7
21.a3 Rh8xa8
22.b4 Nc5e4
23.Kb3 Bf5e6
24.Kb2 Ne4xf2
25.Rc1c2 Nf2d3
26.Kc3 Ra8c8
27.Kxd3 Be6f5
28.Ke3 Rc8xc2
 { time }
0-1

[Event "1/128 Finale"]
[Site "www.chess-mail.com"]
[Date "2016.09.06"]
[Round "1"]
[White "Pwain"]
[Black "Mitja"]
[WhiteElo "2340"]
[BlackElo "1930"]
[Result "1-0"]
[Round "1"]
1.e4 d5
2.exd5 Qd8xd5
3.Nb1c3 Qd5d8
4.Bf1c4 e6
5.Ng1f3 c6
6.O-O h6
7.d4 Ng8f6
8.Nf3e5 Nb8d7
9.Qd1f3 Nd7b6
10.Rf1d1 Nb6xc4
11.Ne5xc4 Nf6d5
12.Nc3e4 Bf8e7
13.Qf3g3 g6
14.Nc4d6 Be7xd6
15.Ne4xd6 Kf8
16.c4 Nd5f6
17.Qg3e5 Kg7
18.b3 Qd8e7
19.Nd6e4 b6
20.Bc1b2 Bc8b7
21.d5 cxd5
22.cxd5 Ra8d8
23.Ne4xf6 { resign }
1-0

[Event "Fast Game"]
[Site "www.echecsemail.com"]
[Date "2016.09.06"]
[Round "1"]
[White "Ranjachess"]
[Black "Pwain"]
[WhiteElo "1820"]
[BlackElo "1879"]
[Result "0-1"]
[Round "1"]
1.d4 c5
2.Ng1f3 cxd4
3.Qd1xd4 Ng8f6
4.e4 Nb8c6
5.Qd4e3 g6
6.Bc1d2 Bf8g7
7.Nb1c3 O-O
8.O-O-O a6
9.a3 b5
10.h3 b4
11.Nc3b1 bxa3
12.Nb1xa3 Ra8b8
13.b3 Qd8c7
14.Na3c4 d5
15.e5 Nf6e8
16.Nc4b2 Nc6xe5
17.Nf3d4 Ne8f6
18.f4 Ne5c6
19.Bf1d3 Nc6xd4
20.Qe3xd4 Rb8xb3
21.c3 Nf6e4
22.Qd4e3 Ne4xc3
23.Bd3c2 Rb3xb2
24.Bd2xc3 Bg7xc3
25.Rd1d3 d4
26.Qe3f2 Qc7a5
27.Rd3xc3 dxc3
28.Kd1 Rf8d8
29.Ke1 Qa5a1
30.Ke2 Qa1xh1
31.Kf3 Rd8d2
32.Qf2c5 Qh1xg2
33.Ke3 Qg2e2

0-1

[Event "Fast Game"]
[Site "www.echecsemail.com"]
[Date "2016.09.06"]
[Round "1"]
[White "Hennie4820"]
[Black "Robroy"]
[WhiteElo "1690"]
[BlackElo "1599"]
[Result "1-0"]
[Round "1"]
1.e4 e5
2.Ng1f3 Nb8c6
3.Bf1c4 Bf8c5
4.d4 exd4
5.c3 Ng8f6
6.Bc1g5 a6
7.e5 d5
8.exf6 dxc4
9.fxg7 Rh8g8
10.Bg5xd8 Kxd8
11.O-O Rg8xg7
12.cxd4 Bc5d6
13.Nb1c3 Bc8e6
14.d5 { resign }
1-0

[Event "Fast Game"]
[Site "www.echecsemail.com"]
[Date "2016.09.06"]
[Round "1"]
[White "4m6az"]
[Black "Hennie4820"]
[WhiteElo "1599"]
[BlackElo "1690"]
[Result "1-0"]
[Round "1"]
1.c4 Ng8f6
2.Nb1c3 g6
3.e3 Bf8g7
4.d4 O-O
5.Bf1d3 d6
6.h3 Nb8d7
7.Bc1d2 e5
8.dxe5 Nd7xe5
9.Bd3e2 Bc8e6
10.b3 Ne5c6
11.Be2f3 Ra8b8
12.Bf3xc6 bxc6
13.Qd1f3 d5
14.Ra1b1 Qd8d6
15.cxd5 cxd5
16.Ng1e2 c5
17.O-O Be6f5
18.Rb1c1 Rb8b4
19.Ne2f4 d4
20.Nc3e2 Bf5e4
21.Qf3g3 Nf6h5
22.Nf4xh5 Qd6xg3
23.Nh5xg3 { resign }
1-0

[Event "Tourn. n8874"]
[Site "www.chess-mail.com"]
[Date "2016.09.07"]
[Round "1"]
[White "Greghghs"]
[Black "Tartan"]
[WhiteElo "2300"]
[BlackElo "2340"]
[Result "0-1"]
[Round "1"]
1.e4 e6
2.d4 d5
3.Nb1c3 Bf8b4
4.a3 Bb4xc3
5.bxc3 dxe4
6.Qd1g4 Ng8f6
7.Qg4xg7 Rh8g8
8.Qg7h6 Rg8g6
9.Qh6d2 b6
10.a4 Bc8a6
11.Bf1b5 Ba6xb5
12.axb5 Rg6xg2
13.Ng1e2 a5
14.Bc1a3 Nf6g4
15.Qd2f4 f5
16.f3 Rg2f2
17.Rh1f1 Rf2xf1
18.Kxf1 exf3
{ resign }
0-1

[Event "Tourn. n8949"]
[Site "www.chess-mail.com"]
[Date "2016.09.07"]
[Round "1"]
[White "Bojan"]
[Black "4m6az"]
[WhiteElo "1860"]
[BlackElo "1809"]
[Result "1-0"]
[Round "1"]
1.e4 b6
2.d4 Bc8b7
3.f3 e6
4.Bf1d3 Bf8d6
5.c3 c5
6.Ng1e2 cxd4
7.cxd4 Nb8c6
8.a3 Qd8c7
9.h4 Bd6g3
10.Kf1 Bg3d6
11.Nb1c3 Bd6f8
12.Nc3b5 Qc7b8
13.Bc1f4 d6
14.Bd3c2 e5
15.dxe5 dxe5
16.Bf4g3 Bf8c5
17.b4 Bc5e7
18.Bc2a4 f6
19.Nb5d4 Qb8c8
20.Nd4f5 Be7f8
21.Ra1c1 Ng8e7
22.Nf5d6 Kd7
23.Nd6xb7 Kc7
24.Nb7d6 Qc8e6
25.Nd6f5 Ne7xf5
26.exf5 Qe6xf5
27.Rc1xc6 Kb7
28.Qd1d5 Kb8
29.Qd5d8 Kb7
30.Rc6c7 Ka6
31.Qd8xa8 { resign }
1-0

[Event "Tourn. n8893"]
[Site "www.chess-mail.com"]
[Date "2016.09.07"]
[Round "1"]
[White "Frisker"]
[Black "Prize64"]
[WhiteElo "2260"]
[BlackElo "2400"]
[Result "1-0"]
[Round "1"]
1.d4 d5
2.Ng1f3 Ng8f6
3.g3 Bc8g4
4.Bf1g2 e6
5.h3 Bg4xf3
6.Bg2xf3 Bf8d6
7.c4 c6
8.Qd1c2 O-O
9.Nb1d2 Nb8d7
10.O-O Rf8e8
11.Rf1d1 Qd8b8
12.Kg2 b6
13.e4 dxe4
14.Nd2xe4 Nf6xe4
15.Bf3xe4 Nd7f6
16.Be4xc6 Re8c8
17.Bc6xa8 Qb8xa8
18.Kg1 Qa8f3
19.Rd1d3 Qf3f5
20.Kh2 Nf6d5
21.Rd3d2 Qf5f3
22.Qc2b3 Bd6xg3
23.fxg3 Nd5e3
24.Rd2c2 Qf3d1
25.Bc1xe3 Qd1xa1
26.Rc2c1 { resign }
1-0

[Event "Tourn. n8850"]
[Site "www.chess-mail.com"]
[Date "2016.09.07"]
[Round "1"]
[White "Libiesse"]
[Black "Ffdd65"]
[WhiteElo "2010"]
[BlackElo "2180"]
[Result "1/2-1/2"]
[Round "1"]
1.d4 d5
2.c4 c6
3.cxd5 cxd5
4.Nb1c3 e6
5.Ng1f3 Bf8e7
6.Bc1f4 Be7d6
7.Bf4xd6 Qd8xd6
8.Ra1c1 Nb8c6
9.e3 a6
10.Bf1d3 h6
11.O-O Ng8f6
12.a3 e5
13.dxe5 Nc6xe5
14.Nf3d4 Ne5c6
15.Rf1e1 O-O
16.b4 Nc6e5
17.Bd3b1 Bc8g4
18.Qd1c2 Ra8c8
19.h3 Bg4e6
20.Re1d1 g6
21.Qc2e2 Ne5c4
22.e4 dxe4
23.Nd4f5 Qd6c7
24.Nf5d4 Rf8e8
25.Nd4xe6 Re8xe6
26.Bb1a2 b5
27.Nc3d5 Nf6xd5
28.Rd1xd5 Re6c6
29.Rc1d1 { draw }
1/2-1/2

[Event "Tourn. n8943"]
[Site "www.chess-mail.com"]
[Date "2016.09.07"]
[Round "1"]
[White "Bojan"]
[Black "4m6az"]
[WhiteElo "1890"]
[BlackElo "1809"]
[Result "1-0"]
[Round "1"]
1.e4 e5
2.Ng1f3 Nb8c6
3.d4 exd4
4.Nf3xd4 Nc6xd4
5.Qd1xd4 c5
6.Qd4a4 Qd8h4
7.g3 Qh4g4
8.Bf1e2 Qg4g6
9.Nb1c3 f5
10.Be2f3 Ng8f6
11.Bc1f4 a6
12.O-O-O fxe4
13.Nc3xe4 Nf6g4
14.h3 b5
15.Qa4a5 Bf8e7
16.hxg4 O-O
17.Qa5c7 Be7d8
18.Qc7xc5 Qg6e6
19.Kb1 Bd8e7
20.Qc5d4 d6
21.Rh1e1 Ra8b8
22.Qd4a7 Rb8b7
23.Qa7xa6 Rb7b8
24.Qa6c6 Bc8b7
25.Qc6c3 Qe6d7
26.Ne4c5 Qd7c7
27.Nc5xb7 Qc7xc3
28.bxc3 Rb8xb7
29.Bf3xb7 Rf8d8
30.Re1xe7 { resign }
1-0

[Event "Tourn. n8935"]
[Site "www.chess-mail.com"]
[Date "2016.09.07"]
[Round "1"]
[White "Pwain"]
[Black "Ejner"]
[WhiteElo "2340"]
[BlackElo "2450"]
[Result "1-0"]
[Round "1"]
1.e4 c5
2.Ng1f3 e6
3.b3 b6
4.Bc1b2 Bc8b7
5.Nb1c3 a6
6.d4 cxd4
7.Qd1xd4 Nb8c6
8.Qd4e3 Bf8c5
9.Qe3d2 Ng8f6
10.Bf1d3 Qd8c7
11.O-O b5
12.Qd2g5 O-O-O
13.Qg5xc5 { resign }
1-0

[Event "Tourn. n8804"]
[Site "www.chess-mail.com"]
[Date "2016.09.07"]
[Round "1"]
[White "Esperanza"]
[Black "Wwgia"]
[WhiteElo "1819"]
[BlackElo "1990"]
[Result "1/2-1/2"]
[Round "1"]
1.e4 c5
2.Ng1f3 Nb8c6
3.Bf1b5 g6
4.Bb5xc6 dxc6
5.O-O Bf8g7
6.d3 e5
7.Bc1g5 Qd8d6
8.Nb1d2 Bc8g4
9.h3 Bg4e6
10.Qd1e2 h6
11.Bg5e3 Ng8e7
12.Rf1d1 f5
13.Nd2c4 Qd6c7
14.exf5 gxf5
15.Be3xc5 Ne7g6
16.Bc5d6 Qc7f7
17.Nc4xe5 Ng6xe5
18.Bd6xe5 Bg7xe5
19.Qe2xe5 O-O-O
20.b4 Be6d5
21.Nf3d4 Rh8g8
22.g3 f4
23.Qe5f5 Qf7xf5
24.Nd4xf5 Kd7
25.g4 h5
26.f3 Bd5xf3
27.Rd1e1 hxg4
28.hxg4 Bf3xg4
29.Re1e7 Kc8
30.Nf5h6 Rg8g6
31.Nh6xg4 Rg6xg4
32.Kf2 Rd8g8
33.Ra1h1 Rg4g2
34.Kf3 Rg2xc2
35.Rh1h7 Rc2xa2
36.Re7c7 Kb8
37.Rc7xb7 Ka8
38.Kxf4 Rg8e8
39.d4 Ra2f2
40.Kg3 Rf2a2
41.Kf4 { draw }
1/2-1/2

[Event "Tourn. n8953"]
[Site "www.chess-mail.com"]
[Date "2016.09.07"]
[Round "1"]
[White "Francesco"]
[Black "Bojan"]
[WhiteElo "1970"]
[BlackElo "1960"]
[Result "1-0"]
[Round "1"]
1.e4 e5
2.Ng1f3 d6
3.d4 exd4
4.Nf3xd4 Bc8d7
5.Nb1c3 Nb8c6
6.Bc1e3 g6
7.Bf1c4 Bf8g7
8.O-O Nc6xd4
9.Be3xd4 f6
10.Qd1f3 c6
11.e5 fxe5
12.Qf3f7 { resign }
1-0

[Event "Tourn. n8869"]
[Site "www.chess-mail.com"]
[Date "2016.09.07"]
[Round "1"]
[White "Ejner"]
[Black "Yangqi"]
[WhiteElo "2470"]
[BlackElo "2680"]
[Result "1/2-1/2"]
[Round "1"]
1.d4 Ng8f6
2.Ng1f3 c5
3.d5 e6
4.Nb1c3 exd5
5.Nc3xd5 Nf6xd5
6.Qd1xd5 Nb8c6
7.Bc1g5 Qd8b6
8.Nf3e5 Nc6xe5
9.Qd5xe5 Qb6e6
10.Qe5xe6 dxe6
11.g3 f6
12.Bg5d2 Bc8d7
13.Bf1g2 O-O-O
14.c4 Kc7
15.O-O-O Bf8d6
16.Bd2c3 Bd7c6
17.Bg2xc6 Kxc6
18.Rd1d3 Bd6c7
19.Rh1d1 Rd8xd3
20.Rd1xd3 h5
21.h3 a6
22.a4 h4
23.g4 Rh8b8
24.Kc2 Bc7h2
25.b3 Rb8g8
26.e3 Bh2c7
27.Rd3d1 Rg8f8
28.f4 e5
29.f5 e4
30.Rd1g1 Bc7g3
31.Bc3e1 Bg3xe1
32.Rg1xe1 Rf8d8
{ draw }
1/2-1/2

[Event "Match"]
[Site "www.echecsemail.com"]
[Date "2016.09.07"]
[Round "1"]
[White "Ditto"]
[Black "Karlgrocer"]
[WhiteElo "1850"]
[BlackElo "2030"]
[Result "0-1"]
[Round "1"]
1.e4 c5
2.Nb1c3 d6
3.Bf1c4 Ng8f6
4.d3 a6
5.a4 e6
6.Ng1f3 Bf8e7
7.O-O O-O
8.Bc4a2 Nb8c6
9.b3 Nf6d7
10.Bc1b2 Nd7e5
11.Nc3b1 Nc6b4
12.Bb2xe5 dxe5
13.Nf3xe5 Be7f6
14.f4 Bc8d7
15.c3 Nb4c6
16.Ne5g4 b5
17.Nb1d2 Bf6xc3
18.Ra1c1 b4
19.Nd2c4 Nc6d4
20.Kh1 Bd7c6
21.Ng4e5 Bc6b7
22.Qd1g4 f5
23.Qg4h5 Rf8f6
24.Ne5f3 Rf6h6
25.Qh5g5 fxe4
26.Nf3e5 exd3
27.Ne5xd3 Rh6g6
28.Qg5e5 Bb7xg2
29.Kg1 Bg2xf1
30.Kxf1 Qd8h4
31.f5 Qh4h3
32.Kf2 Rg6g2
33.Kf1 Rg2e2
{ resign }
0-1

[Event "Match"]
[Site "www.echecsemail.com"]
[Date "2016.09.07"]
[Round "1"]
[White "Leochessnut"]
[Black "Janerol"]
[WhiteElo "1499"]
[BlackElo "1529"]
[Result "1-0"]
[Round "1"]
1.e4 e5
2.c3 Bf8c5
3.d4 exd4
4.cxd4 Bc5b4
5.Bc1d2 a5
6.Ng1f3 d6
7.Nb1c3 Bb4xc3
8.Bd2xc3 Ng8f6
9.Bf1d3 Bc8g4
10.h3 Bg4xf3
11.Qd1xf3 h5
12.e5 dxe5
13.dxe5 Nf6d5
14.e6 f6
15.O-O-O Qd8d6
16.Bd3g6 Kf8
17.Rd1xd5 Qd6c6
18.e7 Kxe7
19.Rh1e1 Kf8
20.Rd5d8 { resign }
1-0

[Event "Match"]
[Site "www.echecsemail.com"]
[Date "2016.09.07"]
[Round "1"]
[White "4m6az"]
[Black "Pinehill"]
[WhiteElo "1809"]
[BlackElo "2010"]
[Result "1-0"]
[Round "1"]
1.c4 Ng8f6
2.d4 e6
3.Qd1c2 Bf8b4
4.Bc1d2 Bb4xd2
5.Nb1xd2 O-O
6.e4 d5
7.cxd5 exd5
8.e5 Nf6e8
9.Ng1f3 c6
10.Bf1d3 g6
11.O-O Ne8g7
12.b4 Bc8f5
13.a3 Ng7e6
14.Bd3xf5 gxf5
15.Qc2xf5 Ne6g7
16.Qf5g4 Nb8d7
17.Nf3h4 f5
18.Qg4g3 Qd8e7
19.Nd2f3 Nd7b6
20.Ra1e1 Nb6c4
21.e6 f4
22.Qg3g4 Kh8
23.Nf3e5 Nc4d2
24.Ne5g6 hxg6
25.Nh4xg6 { resign }
1-0

[Event "Match"]
[Site "www.echecsemail.com"]
[Date "2016.09.07"]
[Round "1"]
[White "Pwain"]
[Black "4m6az"]
[WhiteElo "2340"]
[BlackElo "1809"]
[Result "1-0"]
[Round "1"]
1.e4 e5
2.Ng1f3 Nb8c6
3.Bf1b5 Nc6d4
4.Nf3xd4 exd4
5.O-O Ng8f6
6.e5 Nf6d5
7.Qd1g4 Nd5b4
8.Bb5a4 c5
9.c3 Nb4d3
10.cxd4 Qd8b6
11.d5 Nd3xb2
12.Bc1xb2 Qb6xb2
13.Nb1c3 Qb2xd2
14.e6 fxe6
15.dxe6 Kd8
16.Rf1d1 Qd2xc3
17.exd7 Ke7
18.d8Q { resign }
1-0

[Event "Match"]
[Site "www.echecsemail.com"]
[Date "2016.09.07"]
[Round "1"]
[White "Add"]
[Black "4m6az"]
[WhiteElo "2070"]
[BlackElo "1809"]
[Result "1-0"]
[Round "1"]
1.e4 e5
2.Ng1f3 Nb8c6
3.d4 g6
4.d5 Nc6d4
5.Nf3xd4 exd4
6.Qd1xd4 Qd8f6
7.Qd4c4 Qf6e5
8.Nb1c3 c6
9.Bf1d3 b5
10.Qc4b3 a5
11.dxc6 dxc6
12.Nc3e2 Bc8e6
13.Bc1f4 Qe5g7
14.c4 a4
15.Qb3c2 b4
16.O-O Bf8c5
17.Qc2c1 Ra8d8
18.Rf1d1 Be6g4
19.Qc1c2 Bc5d4
20.Qc2xa4 Rd8c8
21.Qa4xb4 Bd4f6
22.Ra1b1 Ng8e7
23.f3 Bg4xf3
24.gxf3 Bf6e5
25.Bf4g5 Be5xh2
26.Kxh2 Qg7e5
27.f4 { resign }
1-0

[Event "Match"]
[Site "www.echecsemail.com"]
[Date "2016.09.07"]
[Round "1"]
[White "4m6az"]
[Black "Franciscus"]
[WhiteElo "1809"]
[BlackElo "2079"]
[Result "0-1"]
[Round "1"]
1.d4 Ng8f6
2.Bc1f4 g6
3.c4 c5
4.Nb1c3 cxd4
5.Qd1xd4 d6
6.e4 e5
7.Bf4xe5 dxe5
8.Qd4xe5 Bf8e7
9.Nc3d5 Nb8c6
10.Nd5xf6 Kf8
11.Nf6xh7 Rh8xh7
12.Qe5f4 Be7b4
13.Ke2 Rh7h4
14.Qf4e3 Rh4xe4
15.Qe3xe4 Qd8d2
16.Kf3 Nc6d4
17.Kg3 Qd2g5
{ resign }
0-1